000 00341nam a2200145Ia 4500
003 OSt
005 20240102100226.0
008 170523s9999 xx 000 0 und d
020 _a8121907985
040 _ciimt university meerut
100 _aMOHAN- K
245 0 _aGENERAL KNOWLEDGE DIGEST
260 _bSULTAN CHAND COMP
942 _2ddc
_c02
999 _c571
_d571